Statistiken für Nennen Sie ein gültiges europäisches Land #2

Klicken Sie hier um das Quiz zu spielen!

Allgemein

  • Dieses Quiz wurde 6.501 mal gespielt
    (6.420 seit der letzten Aktualisierung)
  • Das Durchschnittsergebnis liegt bei 15 aus 18

Antwortstatistiken

Nennen Sie ein europäisches Land...Länder% Korrekt
das an die Schweiz grenztÖsterreich | Frankreich | Deutschland | Italien | Liechtenstein
100%
wessen Name nicht den Buchstaben "A" enthältÖsterreich | Belgien | Tschechien | Kosovo | Montenegro
Liechtenstein | Luxemburg | Tschechien | Norwegen | Polen | + 5 weitere
96%
das die Krone als Währung hatTschechien | Dänemark | Island | Norwegen | Schweden
91%
das in der EU ist, aber NICHT den Euro als Währung benutztBulgarien | Tschechien | Dänemark |
Ungarn | Polen | Rumänien | Schweden
90%
dessen Hauptstadt mit "P" beginntTschechien | Frankreich | Kosovo | Montenegro
90%
das nur an ein einziges anderes Land grenztDänemark | Irland | Monaco | Portugal | San Marino |
Vereinigtes Königreich | Vatikanstadt
88%
dessen Flagge nur blau und gelb istSchweden | Ukraine
88%
innerhalb 100 km von Wien (Österreich ausgeschlossen)Tschechien | Ungarn | Slowakei
87%
welches Mitglied der FIFA ist und sich noch nie für eine Fußball-WM (Männer) qualifiziert hatAlbanien | Andorra | Belarus | Estland | Finnland | + 11 weitere
86%
am Schwarzen MeerBulgarien | Rumänien | Russland | Ukraine
86%
am GenferseeFrankreich | Schweiz
86%
welches seit 2000 eine Vulkaneruption erfahren hatIsland | Italien | Spanien
82%
dessen Hauptstadt mindestens 500km weit weg von einer anderen istIsland | Portugal | Russland
81%
dessen Hauptstadt eine Durchschnittstemperatur von über 17 Grad Celsius hatMalta | Griechenland | Portugal
75%
mit einem BIP pro Kopf von unter 14.000€
(2019, PPP)
Moldawien | Ukraine | Kosovo | Albanien
71%
in dem die Mehrheit muslimisch istKosovo | Albanien | Bosnien and Herzegowina
70%
wessen Amtssprache nicht indoeuropäisch istEstland | Finnland | Ungarn | Malta
49%
das an den Save-Fluss grenztBosnien and Herzegowina | Kroatien | Serbien | Slowenien
39%

Verteilung der Resultate

Perzentil nach korrekt beantworteten Fragen

Anzahl Personen mit jedem Resultat

Ihre Resultats-Entwicklung

Sie haben dieses Quiz seit der letzten Aktualisierung nicht gespielt